Mest besøgte attraktioner i Danmark - Statistics

General Stats
  • This quiz has been taken 8 times
  • The average score is 10 of 50
Answer Stats
Hint Answer % Correct
812.000 Djurs Sommerland
83%
4.031.000 Tivoli
83%
665.000 Faarup Sommerland
67%
388.000 Prinsens Palæ (Nationalmuseet)
67%
1.250.000 Zoologisk Have København
67%
1.875.000 Dyrehavsbakken
50%
196.000 H.C. Andersens Hus
50%
536.000 ARoS
33%
551.000 Den Gamle By
33%
320.000 Egeskov Slot
33%
312.000 Lego House
33%
516.000 Odense Zoo
33%
331.000 Randers Regnskov
33%
223.000 Sommerland Sjælland
33%
623.000 Statens Museum for Kunst
33%
616.000 Tivoli Friheden
33%
144.000 Universe Science Park
33%
141.000 Amalienborg Slot
17%
559.000 Christiansborg Slot
17%
499.000 Den Blå Planet
17%
456.000 Experimentarium
17%
418.000 Givskud Zoo
17%
243.000 Jesperhus Resort
17%
300.000 Knuthenborg Safaripark
17%
135.000 Koldinghus
17%
218.000 Kongernes Jelling
17%
289.000 Kronborg Slot
17%
702.000 Louisiana
17%
153.000 Roskilde Domkirke
17%
450.000 Aalborg Zoo
0%
138.000 Arbejdermuseet
0%
135.000 ARKEN
0%
129.000 Blåvand Zoo
0%
142.000 Danmarks Borgcenter
0%
296.000 Designmuseum Danmark
0%
139.000 Fiskeri- og Søfartsmuseet
0%
173.000 Frilandsmuseet
0%
486.000 Glyptoteket
0%
187.000 Kattegatcentret
0%
356.000 Moesgård Museum
0%
266.000 Museum Østjylland
0%
198.000 Nordsøen Oceanarium
0%
148.000 Planetarium
0%
471.000 Rosenborg Slot
0%
285.000 Science Museerne
0%
156.000 Skagens Kunstmuseer
0%
404.000 Statens Naturhistoriske Museum
0%
136.000 Sydvestjyske Museer
0%
147.000 Tirpitz
0%
179.000 Vikingeskibsmuseet
0%
No matching quizzes found
Score Distribution
Percent of People with Each Score
Percentile by Number Answered
Your Score History
You have not taken this quiz